श्रीगणेशमहापुराणम् (Record no. 1464362)

MARC details
000 -LEADER
fixed length control field 01260 a2200265 4500
003 - CONTROL NUMBER IDENTIFIER
control field OSt
005 - DATE AND TIME OF LATEST TRANSACTION
control field 20260309120617.0
008 - FIXED-LENGTH DATA ELEMENTS--GENERAL INFORMATION
fixed length control field 260116b |||||||| |||| 00| 0 eng d
037 ## - SOURCE OF ACQUISITION
Terms of availability REF
040 ## - CATALOGING SOURCE
Original cataloging agency CRL
Transcribing agency CRL
041 ## - LANGUAGE CODE
Source of code hin
Language code of text/sound track or separate title hin
Language code of original san
084 ## - COLON CLASSIFICATION NUMBER
Classification number Q23:224 Q9.1-.3 (RR)
Assigning agency CRL
100 ## - MAIN ENTRY--PERSONAL NAME
Personal name
9 (RLIN) 847050
245 ## - TITLE STATEMENT
Title श्रीगणेशमहापुराणम्
260 ## - PUBLICATION, DISTRIBUTION, ETC.
Place of publication, distribution, etc. दिल्ली, भारत:
Name of publisher, distributor, etc. डी. पी. बी. पब्लिकेशन्स,
Date of publication, distribution, etc. 2019.
300 ## - PHYSICAL DESCRIPTION
Extent खण्ड 1 (1-648पृ.) खण्ड 2 (652-1080पृ.) खण्ड 3 (1081-1503पृ.)
365 ## - TRADE PRICE
Price amount 4000.00
Currency code INR
546 ## - LANGUAGE NOTE
Language note Translated from Sanskrit to Hindi
650 ## - SUBJECT ADDED ENTRY--TOPICAL TERM
Topical term or geographic name entry element श्रीगणेशमहापुराणम्
9 (RLIN) 898416
650 ## - SUBJECT ADDED ENTRY--TOPICAL TERM
Topical term or geographic name entry element धर्म
9 (RLIN) 898417
650 ## - SUBJECT ADDED ENTRY--TOPICAL TERM
Topical term or geographic name entry element गणेश
9 (RLIN) 898418
700 ## - ADDED ENTRY--PERSONAL NAME
Personal name जैन, सुभाष
Relator term अनुवादक
9 (RLIN) 898415
942 ## - ADDED ENTRY ELEMENTS (KOHA)
Koha item type Textbook
Source of classification or shelving scheme Colon Classification (CC)
Suppress in OPAC No
Classification part Q23:224 Q9.1-.3 (RR)
Holdings
Withdrawn status Lost status Source of classification or shelving scheme Damaged status Not for loan Home library Current library Date acquired Source of acquisition Cost, normal purchase price Serial Enumeration / chronology Inventory number Total Checkouts Full call number Barcode Date last seen Cost, replacement price Price effective from Koha item type
    Colon Classification (CC)   Not For Loan Central Library Central Library 2025-11-27 25/ ईस्टर्न बुक लिंकर्स 3200.00 खंड - .1 उपासना खण्ड 59/ 2025-11-14   Q23:224 Q9.1 CL1924627 2025-11-27 4000.00 2025-11-27 Reference
    Colon Classification (CC)   Not For Loan Central Library Central Library 2025-11-27 25/ ईस्टर्न बुक लिंकर्स 3200.00 खंड - .2 उतरार्द्ध (क्रीडा खण्ड) 59/ 2025-11-14   Q23:224 Q9.2 CL1924628 2025-11-27 4000.00 2025-11-27 Reference
    Colon Classification (CC)     Central Library Central Library 2025-11-27 25/ ईस्टर्न बुक लिंकर्स 3200.00 खंड - .3 उतरार्द्ध (क्रीडा खण्ड) 59/ 2025-11-14   Q23:224 Q9.3 CL1924629 2025-11-27 4000.00 2025-11-27 Reference
Copyright @ Delhi University Library System